Longest Flags - Statistics

General Stats
  • This quiz has been taken 14 times
  • The average score is 12 of 54
Answer Stats
Flag length Answer % Correct
2.545 Qatar
73%
2 United Kingdom
45%
2 Canada
36%
2 Honduras
36%
2 Kazakhstan
36%
2 Latvia
36%
2 Australia
27%
2 Dominica
27%
2 Fiji
27%
2 Ireland
27%
2 Kiribati
27%
2 Montenegro
27%
2 New Zealand
27%
2 North Macedonia
27%
2 Oman
27%
2 Saint Lucia
27%
2 Timor-Leste
27%
2 Tuvalu
27%
2 United Arab Emirates
27%
2 Uzbekistan
27%
2 Armenia
18%
2 Azerbaijan
18%
2 Bahamas
18%
2 Belarus
18%
2 Bosnia and Herzegovina
18%
2 Brunei
18%
2 Croatia
18%
2 Cuba
18%
2 Eritrea
18%
2 Ethiopia
18%
2 Hungary
18%
2 Jamaica
18%
2 Jordan
18%
2 Kuwait
18%
2 Malaysia
18%
2 Moldova
18%
2 Mongolia
18%
2 Nauru
18%
2 Nigeria
18%
2 Phillippines
18%
2 Samoa
18%
2 Sao Tome and Principe
18%
2 Seychelles
18%
2 Slovenia
18%
2 Sri Lanka
18%
2 Tajikistan
18%
2 Tonga
18%
2 Zimbabwe
18%
2 Guinea-Bissau
9%
2 Libya
9%
2 North Korea
9%
2 Solomon Islands
9%
2 South Sudan
9%
2 Sudan
9%
No matching quizzes found
Score Distribution
Percent of People with Each Score
Percentile by Number Answered
Your Score History
You have not taken this quiz